000 00656nam a2200229Ia 4500
003 GCL
008 140319s9999 xx 000 0 ara d
040 _aGCL /
_cGCL
082 0 4 _a303.483
_bا خ
100 1 _aايلول، جاك
245 1 0 _aخدعة التكنولوجيا /
_cايلول، جاك
250 _aالاولى
300 _a487 ص ؛
_c24 سم
650 0 4 _aالدول النامية
650 0 4 _aالارهاب
650 0 4 _aالاسلحة
650 0 4 _aالتكنولوجيا
650 0 4 _aالتخلف الاقتصادى
650 0 4 _aالتكنولوجيا والحضارة
650 0 4 _aالعولمة
942 _2ddc
_cBK
999 _c5632
_d5632